[Event "Kuala Lumpur Varsity-ch 20th"]
[Site "Kuala Lumpur"]
[Date "2016.01.22"]
[Round "3"]
[White "Chor, Mohd Ali"]
[Black "Wong, Kiiug Lik"]
[Result "1-0"]
[WhiteElo "1924"]
[BlackElo "1767"]
[PlyCount "49"]
[EventDate "2016.01.21"]
[EventType "swiss"]
[EventRounds "9"]
[EventCountry "MAS"]
[SourceTitle "CBM 170 Extra"]
[Source "ChessBase"]
[SourceDate "2016.02.25"]
[SourceVersion "1"]
[SourceVersionDate "2016.02.25"]
[SourceQuality "1"]

1. e4 c5 2. Nc3 d6 3. f4 Nf6 4. Nf3 Nc6 5. Bb5 Bd7 6. Bxc6 Bxc6 7. d3 g6 8. 0-0 Bg7 9. Qe1 b5 10. f5 b4 11. Ne2 Ng4 12. Qh4 Ne5 13. Rb1 Qd7 14. Bg5 h6 15. f6 exf6 16. Bxf6 Nxf3+ 17. Rxf3 0-0 18. Rbf1 Rae8 19. g4 Re6 20. Bxg7 Kxg7 21. Nf4 Re5 22. Nxg6 Kxg6 23. Rf6+ Kg7 24. Qxh6+ Kg8 25. Rg6+ 1-0